Dezir que fizo Juan Alfonso de Baena / (Record no. 55784)

MARC details
000 -LEADER
campo de control de longitud fija 00674nam a2200217 i 4500
001 - NÚMERO DE CONTROL
campo de control 55784
003 - IDENTIFICADOR DE NÚMERO DE CONTROL
campo de control ES-MaACL
005 - FECHA Y HORA DE LA ÚLTIMA TRANSACCIÓN
campo de control 20230906163223.0
007 - CAMPO FIJO DE DESCRIPCIÓN FÍSICA--INFORMACIÓN GENERAL
campo de control de longitud fija t|
008 - DATOS DE LONGITUD FIJA--INFORMACIÓN GENERAL
campo de control de longitud fija 030926s1978 sp |||| | spa d
100 1# - ENTRADA PRINCIPAL--NOMBRE DE PERSONA
Nombre de persona Baena, Juan Alfonso de.
9 (RLIN) 24586
245 10 - MENCIÓN DEL TÍTULO
Título Dezir que fizo Juan Alfonso de Baena /
Mención de responsabilidad, etc. introducción y edición de Nancy F. Marino.
260 ## - PUBLICACIÓN, DISTRIBUCIÓN, ETC.
Lugar de publicación, distribución, etc. [Valencia] :
Nombre del editor, distribuidor, etc. Albatros,
Fecha de publicación, distribución, etc. [1978]
300 ## - DESCRIPCIÓN FÍSICA
Extensión 96 p. ;
Dimensiones 24 cm.
490 1# - MENCIÓN DE SERIE
Mención de serie Albatros Hispanófila ;
Designación de volumen o secuencia 3
546 ## - NOTA DE IDIOMA
Nota de lengua/lenguaje Texto español y traducción inglesa.
700 1# - ENTRADA AGREGADA--NOMBRE PERSONAL
Nombre de persona Marino, Nancy F.
9 (RLIN) 76855
830 0# - PUNTO DE ACCESO ADICIONAL DE SERIE-TÍTULO UNIFORME
Título uniforme Albatros Hispanófila ;
Designación de volumen o secuencia 3
9 (RLIN) 182649
852 ## - LOCALIZACIÓN
Ubicación ES-MaACL
Número de control de estantería L-907
Holdings
Estatus retirado Estado de pérdida Estado de daño No para préstamo Biblioteca de origen Biblioteca actual Ubicación en estantería Fecha de adquisición Fuente de adquisición Total de préstamos Signatura topográfica completa Código de barras Visto por última vez Precio de reemplazo Tipo de ítem Koha
        Biblioteca del Ateneo de Madrid Biblioteca del Ateneo de Madrid Depósito 2 17/01/2008     L-907 1058599 23/02/2023 23/02/2023 Libro impreso